| 000 | 00353 a2200133 4500 | ||
|---|---|---|---|
| 005 | 20250605095512.0 | ||
| 020 | _a1-902796-00-4 | ||
| 082 | _aTEA.LECT 658 AND | ||
| 100 | _aANDERTON, A. | ||
| 245 | _aAs Level Business Studies for AQA. | ||
| 260 |
_aLancashire, _bCauseway, _c2003. |
||
| 300 |
_a304p.: ill.; figure, table _bIndex _c28cm. |
||
| 942 |
_2ddc _cBKS |
||
| 999 |
_c3194 _d3194 |
||